Flora of Espírito Santo: Inga (Fabaceae, Mimosoid clade) (Registro n. 338636)
[ somente texto ]
| 000 -LÍDER | |
|---|---|
| fixed length control field | 03842nab a2200277 i 4500 |
| 003 - CÓDIGO MARC DA AGÊNCIA CATALOGADORA | |
| Campo de controle | BR-BrBNA |
| 005 - DATA E HORA DA ÚLTIMA ATUALIZAÇÃO | |
| Campo de controle | 20251010182627.0 |
| 008 - CAMPO DE TAMANHO FIXO | |
| fixed length control field | 251010b2022 bl.ar|pooa||| 00| 0 eng | |
| 040 ## - FONTE DA CATALOGAÇÃO | |
| Agência catalogadora | BR-BrBNA |
| Idioma da catalogação | eng |
| 072 ## - CATEGORIA AGRIS | |
| Código AGRIS | F70 |
| 100 ## - ENTRADA PRINCIPAL - NOME PESSOAL | |
| Nome pessoal | Chagas, Aline Pitol |
| 100 ## - ENTRADA PRINCIPAL - NOME PESSOAL | |
| Nome pessoal | Garcia, Flávia Cristina Pinto |
| 100 ## - ENTRADA PRINCIPAL - NOME PESSOAL | |
| Nome pessoal | Dutra, Valquíria Ferreira |
| 245 ## - TÍTULO PRINCIPAL | |
| Título principal | Flora of Espírito Santo: Inga (Fabaceae, Mimosoid clade) |
| 500 ## - NOTA GERAL | |
| Nota geral | Publicação on-line; 31 ref.; 16 illus.; Summaries (En, Pt) |
| 942 ## - ADDED ENTRY ELEMENTS (KOHA) | |
| Koha item type | Analítica |
| 520 ## - NOTA DE RESUMO | |
| Nota de conteúdo | <br/><br/>Abstract<br/><br/>This study aims to assess the diversity of Inga in the state of Espírito Santo (ES), in order to establish<br/>diagnostic characters and circumscription of the species through a detailed analysis of botanical collections.<br/>This analysis was based on morphological analysis of specimens collected in the ES and deposited in<br/>herbarium collections. The study provides identification keys, descriptions, illustrations, taxonomic comments,<br/>geographic distributions, distribution patterns, and phenology data for the species. Twenty-six taxa of Inga<br/>were recognized in ES. Of these, 14 (52%) are endemic to Brazil, one of which, Inga teresensis, is restricted<br/>to ES. Species of Inga occur predominantly in dense ombrophilous forest (23 taxa), followed by seasonal<br/>semideciduous forest (16 taxa), open ombrophilous forest (nine taxa), and pioneer formations (eight taxa).<br/>Among dense ombrophilous forests, a higher diversity of Inga species was present in slope forests (22 taxa)<br/>than tabuleiro forests (15 taxa). Inga aptera, I. cabelo, I. maritima, I. platyptera, and I. unica are listed as<br/>threatened. The distribution of four taxa, I. aptera, I. ciliata subsp. ciliata, I. cylindrica, and I. subnuda var. <br/>luschnatiana was extended to ES.<br/><br/>Key words: Atlantic Forest, Brazil, floristic, Leguminosae, taxonomy.<br/><br/><br/><br/><br/><br/>Resumo<br/><br/>Este estudo teve como objetivo conhecer a diversidade de Inga no Espírito Santo, a fim de estabelecer<br/>caracteres diagnósticos e a circunscrição das espécies por meio da análise detalhada de coleções botânicas.<br/>Os estudos foram baseados na análise morfológica de espécimes coletados no Espírito Santo, além daqueles<br/>depositados nos acervos de herbários. São fornecidas chaves para identificação, descrições, ilustrações,<br/>comentários taxonômicos, distribuição geográfica, padrões de distribuição e dados de fenologia para as<br/>espécies. Foram reconhecidos 26 táxons infragenéricos de Inga para o Espírito Santo. Destes, 14 espécies<br/>(52%) são endêmicas do Brasil e apenas uma, Inga teresensis, é restrita ao estado do Espírito Santo. As<br/>espécies de Inga ocorrem, predominantemente, em floresta ombrófila densa (23 táxons), seguida pela floresta<br/>estacional semidecidual (16 táxons), pela floresta ombrófila aberta (9 táxons) e pelas formações pioneiras (8<br/>táxons). A floresta ombrófila densa, apresentou maior riqueza na mata de encosta (22 spp) do que em mata<br/>de tabuleiro (15 spp). Inga aptera, I. cabelo, I. platyptera, I. maritima e I. unica estão categorizadas como<br/>ameaçadas de extinção. A distribuição de quatro táxons foi ampliada para o Espírito Santo: I. aptera, I. ciliata<br/>subsp. ciliata, I. cylindrica e I. subnuda subsp. luschnathiana. <br/><br/>Palavras-chave: Floresta Atlântica, Brasil, florística, Leguminosae, taxonomia. |
| 650 ## - ASSUNTO - THESAGRO | |
| Cabeçalho tópico ou nome geográfico | FLORESTA ATLÂNTICA |
| 650 ## - ASSUNTO - THESAGRO | |
| Cabeçalho tópico ou nome geográfico | BRASIL |
| 650 ## - ASSUNTO - THESAGRO | |
| Cabeçalho tópico ou nome geográfico | COMPOSIÇÃO BOTÂNICA |
| 650 ## - ASSUNTO - THESAGRO | |
| Cabeçalho tópico ou nome geográfico | LEGUMINOSAE |
| 650 ## - ASSUNTO - THESAGRO | |
| Cabeçalho tópico ou nome geográfico | TAXONOMIA |
| 773 0# - ENTRADA ANALÍTICA | |
| Host Biblionumber | 709 |
| Registro do item | 357916 |
| Imprenta | Rio de Janeiro-RJ Jardim Botanico do Rio de Janeiro 1935 |
| Outro identificador | 2025-5881 |
| Título | Rodriguésia (Brazil) |
| ISSN | 0370-6583; 2175-7860 on-line |
| Colação | v. 73 p. 1-32; (2022) |
| Número de controle de registro | BR2025004380 |
| 856 ## - ACESSO E ENDEREÇO ELETRÔNICO | |
| Identificador uniforme de recurso - URI | https://www.scielo.br/j/rod/a/J9wnpXNpYJqxbNqdrszhL5k/?format=pdf&lang=en |
Nenhum exemplar disponível.

BINAGRI